Beyond smart cities : how cities network, learn and innovate / (Record no. 5582)

MARC details
000 -LEADER
fixed length control field 00521nam a2200169 ar4500
001 - CONTROL NUMBER
control field 5585
005 - DATE AND TIME OF LATEST TRANSACTION
control field 20221127091152.0
008 - FIXED-LENGTH DATA ELEMENTS--GENERAL INFORMATION
fixed length control field 081422s ||| 00010|eng d
020 ## - INTERNATIONAL STANDARD BOOK NUMBER
International Standard Book Number 9781849714266 (pbk)
Canceled/invalid ISBN SR210
082 04 - DEWEY DECIMAL CLASSIFICATION NUMBER
Classification number 307.1216 C187 2012
100 1# - MAIN ENTRY--PERSONAL NAME
Personal name Campbell, Tim,
245 10 - TITLE STATEMENT
Title Beyond smart cities : how cities network, learn and innovate /
Statement of responsibility, etc. Tim Campbell
260 ## - PUBLICATION, DISTRIBUTION, ETC.
Place of publication, distribution, etc. New York,
Name of publisher, distributor, etc. Taylor & Francis,
Date of publication, distribution, etc. 2012
300 ## - PHYSICAL DESCRIPTION
Extent 236 p
Other physical details ill.col.
Dimensions 23
500 ## - GENERAL NOTE
General note Includes bib.references and index
650 #4 - SUBJECT ADDED ENTRY--TOPICAL TERM
Topical term or geographic name entry element City planning
Holdings
Withdrawn status Lost status Source of classification or shelving scheme Damaged status Not for loan Home library Current library Date acquired Total Checkouts Full call number Barcode Date last seen Copy number Price effective from Koha item type
              11/27/2022   307.1216 C187 2012 0000001124248 11/27/2022 C1 11/27/2022 Book